Básně /

Main Author: Bátor, David, 1974-
Language: Czech
Published: Tišnov : Sursum, 2021
Physical Description: 57 stran : ilustrace ; 13 cm
Book
Saved in:
LEADER 01152nam a2200349 i 4500
001 nkc20233493218
003 CZ PrNK
005 20230417130048.0
007 ta
008 230113s2021 xr a g 000 p cze
015 |a cnb003493218 
020 |a 978-80-7323-368-6  |q (vázáno) 
035 |a (OCoLC)1372330053 
040 |a BOA001  |b cze  |e rda 
072 7 |a 821.162.3-1  |x Česká poezie  |2 Konspekt  |9 25 
080 |a 821.162.3-1  |2 MRF 
080 |a (0:82-1)  |2 MRF 
100 1 |a Bátor, David,  |d 1974-  |7 mzk2002160724  |4 aut 
245 1 0 |a Básně /  |c David Bátor 
264 1 |a Tišnov :  |b Sursum,  |c 2021 
300 |a 57 stran :  |b ilustrace ;  |c 13 cm 
336 |a text  |b txt  |2 rdacontent 
337 |a bez média  |b n  |2 rdamedia 
338 |a svazek  |b nc  |2 rdacarrier 
655 7 |a česká poezie  |7 fd133958  |2 czenas 
655 9 |a Czech poetry  |2 eczenas 
910 2 |a BOA001  |b S-1502.375 
990 |a BK 
995 |a 01 
991 |b 202301  |c NOV 
996 6 |b 2610928300  |c S-1502.375  |l MZK  |r Sklad / do 24 hodin  |n 0  |p p.v.  |w 001911935  |u 000010  |a 1  |e BOA001  |j MZK50  |s P 
996 7 |b 2610928301  |c S-1502.375  |l MZK  |r Sklad / do 24 hodin  |n 0  |p p.v.  |w 001911935  |u 000020  |a 1  |e BOA001  |j MZK50  |s A